| 000 | 01179nac a22003131i 4500 | ||
|---|---|---|---|
| 003 | EG-ScBUE | ||
| 005 | 20241107101631.0 | ||
| 008 | 241107s1995 enka f b 001 0 eng d | ||
| 020 | _a041299691X (acid-free paper) | ||
| 020 | _a9780412996917 | ||
| 040 |
_aEG-ScBUE _beng _erda _cEG-ScBUE _dEG-ScBUE |
||
| 082 | 0 | 4 |
_a519.2 _bNEU _222 |
| 100 | 1 |
_aNeuts, Marcel F., _eauthor. |
|
| 245 | 1 | 0 |
_aAlgorithmic probability : _ba collection of problems / _cMarcel F. Neuts, Department of Systems and Industrial Engineering, University of Arizona, USA. |
| 250 | _aFirst edition. | ||
| 264 | 1 |
_aLondon ; _aNew York : _bChapman & Hall, _c1995. |
|
| 300 |
_axii, 465 pages : _billustrations ; _c24 cm. |
||
| 336 |
_2rdacontent _atext _btxt |
||
| 337 |
_aunmediated _2rdamedia _bn |
||
| 338 |
_avolume _bnc _2rdacarrier |
||
| 490 | 0 | _aStochastic modeling series | |
| 504 | _aIncludes bibliographical references and index. | ||
| 650 | 7 |
_aProbabilities. _2BUEsh |
|
| 650 | 7 |
_aAlgorithms. _2BUEsh |
|
| 650 | 7 |
_aQueuing theory. _2BUEsh |
|
| 655 | _vReading book | ||
| 856 | 4 | 2 |
_3Publisher description _uhttp://www.loc.gov/catdir/enhancements/fy0646/94036489-d.html |
| 942 |
_cBB _2ddc |
||
| 999 |
_c7186 _d7186 |
||